| 000 | 00000nam##2200000za#4500 |
| 001 | 9.572694 |
| 003 | CaOODSP |
| 005 | 20230202144024 |
| 007 | cr ||||||||||| |
| 008 | 150406|1995||||xxc|||||o f|0| 0 eng|d |
| 040 | |aCaOODSP|beng |
| 043 | |an-cn--- |
| 086 | 1 |aH72-22/4-1995E-PDF |
| 110 | 2 |aNational Clearinghouse on Family Violence (Canada). |
| 245 | 10|aWife abuse / |h[electronic resource]|cprepared by Linda MacLeod. |
| 260 | |aOttawa - Ontario : |bHealth Canada. |cSeptember 1995. |
| 300 | |a10p.|breferences |
| 490 | 1 |aInformation from the National Clearinghouse on Family Violence |
| 500 | |aThe catalogue number (H72-22/4-1995E) and ISBN (0-662-23774-9) for the print edition have been incorrectly copied in this electronic publication. |
| 590 | |a11-31-Supp|b2011-12-13 |
| 690 | 07|aFamily violence|2gcpds |
| 720 | 1 |aMacLeod, Linda |
| 775 | 08|tLa violence conjugale / |w(CaOODSP)9.603025 |
| 776 | 0#|tWife abuse |w(CaOODSP)9.612596 |
| 830 | #0|aInformation from the National Clearinghouse on Family Violence.|w(CaOODSP)9.504469 |
| 856 | 40|ahttp://publications.gc.ca|qPDF|s40 KB|uhttps://publications.gc.ca/collections/Collection/H72-22-4-1995E.pdf |